Geographische Siebenergruppen #1 - Statistiken

Allgemein
  • Dieses Quiz wurde 14.341 mal gespielt
    14.195 seit der letzten Aktualisierung
  • Das Durchschnittsergebnis liegt bei 39 aus 56
Antwortstatistiken
Gruppe Antwort % Korrekt
Kontinente Afrika
99%
Kontinente Asien
99%
Kontinente Europa
99%
Kontinente Nordamerika
99%
Kontinente Ozeanien
99%
Kontinente Südamerika
99%
Kontinente Antarktis
96%
Bevölkerungsreichste Städte in Österreich Wien
95%
Die Meistgesprochenen Germanischen Sprachen Deutsch
94%
U.S.-Staaten mit mehr als 11 Millionen Einwohnern New York
86%
Andenländer Chile
85%
Heutige Staaten des ehemaligen Jugoslawien Kroatien
85%
Nachfolgestaaten Jugoslawiens Serbien
85%
Länder, die mit "Stan" enden Usbekistan
85%
Länder, die mit "Stan" enden Kasachstan
84%
Länder, die mit "Stan" enden Kirgisistan
84%
Länder, die mit "Stan" enden Turkmenistan
84%
Andenländer Argentinien
83%
Nachfolgestaaten Jugoslawiens Bosnien und Herzegowina
83%
U.S.-Staaten mit mehr als 11 Millionen Einwohnern Kalifornien
83%
Andenländer Peru
83%
U.S.-Staaten mit mehr als 11 Millionen Einwohnern Texas
82%
Länder, die mit "Stan" enden Afghanistan
81%
Nachfolgestaaten Jugoslawiens Kosovo
81%
Länder, die mit "Stan" enden Tadschikistan
81%
Andenländer Bolivien
80%
Länder, die mit "Stan" enden Pakistan
80%
Andenländer Kolumbien
79%
Bevölkerungsreichste Städte in Österreich Salzburg
79%
Nachfolgestaaten Jugoslawiens Montenegro
77%
Nachfolgestaaten Jugoslawiens Nordmazedonien
77%
Nachfolgestaaten Jugoslawiens Slowenien
77%
Andenländer Ecuador
76%
Die Meistgesprochenen Germanischen Sprachen Englisch
76%
U.S.-Staaten mit mehr als 11 Millionen Einwohnern Florida
74%
Andenländer Venezuela
72%
Die Meistgesprochenen Germanischen Sprachen Schwedisch
70%
Die Meistgesprochenen Germanischen Sprachen Dänisch
69%
Die Meistgesprochenen Germanischen Sprachen Niederländisch
69%
Die Meistgesprochenen Germanischen Sprachen Norwegisch
68%
Bevölkerungsreichste Städte in Österreich Graz
64%
Bevölkerungsreichste Städte in Österreich Innsbruck
59%
Bevölkerungsreichste Städte in Österreich Linz
55%
U.S.-Staaten mit mehr als 11 Millionen Einwohnern Ohio
36%
Deutsche Inseln in Ostfriesland Borkum
35%
U.S.-Staaten mit mehr als 11 Millionen Einwohnern Illinois
34%
U.S.-Staaten mit mehr als 11 Millionen Einwohnern Pennsylvania
33%
Bevölkerungsreichste Städte in Österreich Klagenfurt
31%
Deutsche Inseln in Ostfriesland Norderney
31%
Deutsche Inseln in Ostfriesland Langeoog
28%
Deutsche Inseln in Ostfriesland Spiekeroog
26%
Deutsche Inseln in Ostfriesland Juist
23%
Deutsche Inseln in Ostfriesland Wangerooge
23%
Deutsche Inseln in Ostfriesland Baltrum
18%
Bevölkerungsreichste Städte in Österreich Villach
18%
Die Meistgesprochenen Germanischen Sprachen Afrikaans
12%
Keine übereinstimmenden Quizze gefunden
Verteilung der Resultate
Anzahl Personen mit jedem Resultat
Perzentil nach korrekt beantworteten Fragen
Ihre Resultats-Entwicklung
Sie haben dieses Quiz seit der letzten Aktualisierung nicht gespielt